LEADER 00955nam2 22002653i 450 001 PUV0235535 005 20231121125611.0 100 $a20140527d1926 ||||0itac50 ba 101 | $ager 102 $ade 181 1$6z01$ai $bxxxe 182 1$6z01$an 200 1 $a˜2: œProsopographie$fvon Helmut Berve 210 $aMünchen$cC.H. Beck$d1926 215 $a446 p.$d25 cm 461 1$1001PUV0235486$12001 $a˜Das œAlexanderreich auf prosopographischer Grundlage$fvon Helmut Berve$v2 700 1$aBerve$b, Helmut$3CFIV018815$4070$036082 801 3$aIT$bIT-01$c20140527 850 $aIT-FR0017 899 $aBiblioteca umanistica Giorgio Aprea$bFR0017 $eN 912 $aPUV0235535 950 2$aBiblioteca umanistica Giorgio Aprea$d 52S.SIJ. M Ber.Ale.2$e 52BUN0000009235 VMB RS Fondo originario Sijpesteijn$fA $h20140527$i20140527 977 $a 52 996 $aProsopographie$93613314 997 $aUNICAS